[Event "Plzen, FSB B"]
[Site "?"]
[Date "2004.??.??"]
[Round "4.1"]
[White "Rehak, J."]
[Black "Havlikova, K."]
[Result "0-1"]
[WhiteElo "1545"]
[BlackElo "1620"]
[PlyCount "76"]
[EventDate "2004.??.??"]
[Source "ChessBase"]
[SourceDate "1996.11.15"]

1. Nc3 g6 2. e4 Bg7 3. d4 e6 4. Bc4 Ne7 5. Bg5 h6 6. Be3 b6 7. Nge2 Bb7 8. f3
Nbc6 9. Qd2 Na5 10. Bb5 a6 11. Bd3 d5 12. O-O dxe4 13. fxe4 Qd7 14. a3 Rd8 15.
Nd1 Qc6 16. Qc3 O-O 17. Nf2 Qxc3 18. bxc3 Nc8 19. e5 b5 20. a4 Nc4 21. Bxc4
bxc4 22. a5 Ne7 23. Rab1 Bd5 24. Bc1 Nf5 25. Nf4 h5 26. Nxd5 Rxd5 27. Rb4 Rxa5
28. Rxc4 Rc8 29. Nd3 Bf8 30. Bg5 Ra2 31. Nb4 Ra4 32. Rc6 Bxb4 33. cxb4 Rxb4 34.
c3 Rb6 35. Rxb6 cxb6 36. Rb1 b5 37. Ra1 Rxc3 38. Rxa6 Rc8 0-1

[Event "Plzen, FSB B"]
[Site "?"]
[Date "2004.??.??"]
[Round "4.2"]
[White "Oresky, J."]
[Black "Havlik, J."]
[Result "1/2-1/2"]
[WhiteElo "1582"]
[BlackElo "1775"]
[PlyCount "39"]
[EventDate "2004.??.??"]
[Source "ChessBase"]
[SourceDate "1996.11.15"]

1. e4 e6 2. d4 d5 3. Nd2 Nf6 4. e5 Nfd7 5. Ngf3 c5 6. c3 Nc6 7. Be2 cxd4 8.
cxd4 f6 9. exf6 Nxf6 10. O-O Bd6 11. Re1 O-O 12. Nb3 h6 13. h3 Bd7 14. Bd3 Qb6
15. Be3 Ne7 16. Ne5 Nf5 17. Bxf5 exf5 18. Nxd7 Nxd7 19. Qf3 Qb5 20. Bf4 1/2-1/2

[Event "Plzen, FSB B"]
[Site "?"]
[Date "2004.??.??"]
[Round "4.3"]
[White "Posmurny, O."]
[Black "Kubat, M."]
[Result "0-1"]
[WhiteElo "1250"]
[BlackElo "1746"]
[PlyCount "134"]
[EventDate "2004.??.??"]
[Source "ChessBase"]
[SourceDate "1996.11.15"]

1. c3 b6 2. d4 Bb7 3. Nf3 e6 4. Bf4 Nf6 5. h3 Be7 6. e3 Nc6 7. Nbd2 O-O 8. Bd3
d6 9. O-O e5 10. Bh2 Re8 11. Qc2 exd4 12. exd4 h6 13. Nh4 Nb8 14. Nf5 Nbd7 15.
Rfe1 Bf8 16. Re2 Rxe2 17. Bxe2 Nh7 18. Bf3 Bxf3 19. Nxf3 Ndf6 20. Re1 Qd7 21.
Ne3 Re8 22. d5 g6 23. c4 Bg7 24. b4 Re7 25. b5 Ne4 26. Rd1 Nc5 27. Ne1 Nf6 28.
Nd3 Nfe4 29. Nxc5 Nxc5 30. a4 Qe8 31. Qa2 Ne4 32. Qa3 Nc3 33. Rd3 Ne4 34. a5
Nc5 35. Rd1 h5 36. Kf1 Bh6 37. Re1 Ne4 38. Re2 Nc5 39. axb6 axb6 40. Bg1 Nb7
41. Qa1 Na5 42. Qe1 Re4 43. Ng4 Rxe2 44. Nxh6+ Kg7 45. Qxe2 Qxe2+ 46. Kxe2 Nxc4
47. Bh2 Kxh6 48. Kd3 Na3 49. Bf4+ Kg7 50. Bd2 Nxb5 51. Kc4 Na7 52. Bc3+ f6 53.
g4 hxg4 54. hxg4 Kf7 55. f4 f5 56. g5 Ke7 57. Kb4 Kd7 58. Bd2 c6 59. Be3 c5+
60. Ka4 Kc7 61. Bc1 b5+ 62. Ka5 b4 63. Bb2 Nc8 64. Bf6 Nb6 65. Bb2 Nxd5 66. Bc1
Nc3 67. Be3 Nd1 0-1

[Event "Plzen, FSB B"]
[Site "?"]
[Date "2004.??.??"]
[Round "4.4"]
[White "Pospisil, A."]
[Black "Palkova, K."]
[Result "1/2-1/2"]
[WhiteElo "1737"]
[BlackElo "1713"]
[PlyCount "79"]
[EventDate "2004.??.??"]
[Source "ChessBase"]
[SourceDate "1996.11.15"]

1. d4 d5 2. Nf3 Nf6 3. Bg5 e6 4. e3 Be7 5. c4 O-O 6. Nc3 c6 7. Bd3 Nbd7 8. O-O
h6 9. Bh4 dxc4 10. Bxc4 c5 11. Bg3 a6 12. a4 Nb6 13. Bb3 cxd4 14. Nxd4 Nbd5 15.
Nxd5 Nxd5 16. Rc1 Bd6 17. Bxd5 Bxg3 18. Bf3 Be5 19. Rc2 Qh4 20. g3 Qf6 21. Bg2
Rd8 22. Rd2 Rb8 23. b3 Bxd4 24. Rxd4 Rxd4 25. Qxd4 Qxd4 26. exd4 b5 27. a5 Bb7
28. Rd1 Bxg2 29. Kxg2 Rd8 30. Kf3 Kf8 31. Ke3 Ke7 32. Rc1 Kd6 33. f4 Rd7 34. b4
g6 35. Rc5 h5 36. h4 Rd8 37. Ke4 f5+ 38. Ke3 Ke7 39. Kd3 Rd7 40. Ke3 1/2-1/2

[Event "Plzen, FSB B"]
[Site "?"]
[Date "2004.??.??"]
[Round "4.5"]
[White "Hrouza, M."]
[Black "Benak, J."]
[Result "0-1"]
[WhiteElo "1419"]
[BlackElo "1730"]
[PlyCount "72"]
[EventDate "2004.??.??"]
[Source "ChessBase"]
[SourceDate "1996.11.15"]

1. e4 e6 2. d4 c5 3. Nf3 d5 4. Nbd2 Nc6 5. c3 cxd4 6. cxd4 Bb4 7. Qc2 Qb6 8. a3
Bxd2+ 9. Bxd2 dxe4 10. Qxe4 Nf6 11. Qd3 O-O 12. Bc3 Rd8 13. Qe3 Nd5 14. Qe2
Nxc3 15. bxc3 Qa5 16. Qb2 Nxd4 17. Nxd4 Rxd4 18. Be2 Rd6 19. O-O e5 20. Rfd1
Rxd1+ 21. Rxd1 Qc7 22. Bf3 g6 23. Qd2 Be6 24. Qe3 a5 25. h3 Rc8 26. Rd3 b6 27.
g4 Kg7 28. h4 f6 29. h5 gxh5 30. gxh5 Rg8 31. Kf1 Bc4 32. h6+ Kh8 33. Be4 Bxd3+
34. Bxd3 Qxc3 35. Qe4 Qc1+ 36. Ke2 Qxh6 0-1

[Event "Plzen, FSB B"]
[Site "?"]
[Date "2004.??.??"]
[Round "4.6"]
[White "Jonas, V."]
[Black "Sulista, D."]
[Result "1/2-1/2"]
[WhiteElo "1716"]
[BlackElo "1494"]
[PlyCount "30"]
[EventDate "2004.??.??"]
[Source "ChessBase"]
[SourceDate "1996.11.15"]

1. e4 e5 2. Nf3 Nc6 3. d4 exd4 4. Bc4 Bb4+ 5. c3 Ba5 6. O-O d6 7. cxd4 Bb6 8.
h3 h6 9. Nc3 Nge7 10. Re1 O-O 11. Be3 Re8 12. Bf4 Ng6 13. Be3 Bd7 14. a3 Ba5
15. Qd3 Bb6 1/2-1/2

[Event "Plzen, FSB B"]
[Site "?"]
[Date "2004.??.??"]
[Round "4.7"]
[White "Reitinger, J."]
[Black "Cisler, M."]
[Result "1-0"]
[WhiteElo "1707"]
[BlackElo "1485"]
[PlyCount "29"]
[EventDate "2004.??.??"]
[Source "ChessBase"]
[SourceDate "1996.11.15"]

1. e4 e5 2. Nc3 Nc6 3. Nf3 Nf6 4. Bb5 a6 5. Bxc6 dxc6 6. O-O Bd6 7. d4 exd4 8.
Qxd4 Bg4 9. e5 Bxf3 10. gxf3 O-O 11. exd6 cxd6 12. Bg5 d5 13. Bxf6 gxf6 14. Kh1
Qd6 15. Ne4 1-0

[Event "Plzen, FSB B"]
[Site "?"]
[Date "2004.??.??"]
[Round "4.8"]
[White "Pokorny, J."]
[Black "Kracikova, K."]
[Result "1-0"]
[WhiteElo "1499"]
[BlackElo "1374"]
[PlyCount "59"]
[EventDate "2004.??.??"]
[Source "ChessBase"]
[SourceDate "1996.11.15"]

1. e4 e6 2. d4 b6 3. Bd3 Bb7 4. Nf3 g6 5. O-O Bg7 6. Bg5 f6 7. Bh4 g5 8. Bg3 h5
9. h3 g4 10. hxg4 hxg4 11. Nh4 f5 12. Ng6 Qg5 13. exf5 exf5 14. Re1+ Kd8 15.
Nxh8 Bxh8 16. Qe2 Ne7 17. Bxf5 Bxd4 18. c3 Bf6 19. Bxg4 d6 20. Na3 Nd7 21. Rad1
a5 22. Nc2 a4 23. Nd4 Bxd4 24. cxd4 Ra5 25. f4 Qg7 26. Bh4 Nf6 27. Qe6 Qxg4 28.
Qxe7+ Kc8 29. Qf8+ Kd7 30. Qf7+ 1-0

[Event "Plzen, FSB B"]
[Site "?"]
[Date "2004.??.??"]
[Round "4.9"]
[White "Bauer, T."]
[Black "Zivec, J."]
[Result "0-1"]
[WhiteElo "1395"]
[BlackElo "1527"]
[PlyCount "126"]
[EventDate "2004.??.??"]
[Source "ChessBase"]
[SourceDate "1996.11.15"]

1. d4 d5 2. c4 c6 3. Nc3 Nf6 4. Bg5 Bf5 5. Nf3 h6 6. Bxf6 exf6 7. e3 Bb4 8. Qb3
Bxc3+ 9. bxc3 Qd7 10. cxd5 cxd5 11. Bb5 Nc6 12. O-O O-O 13. Nd2 a6 14. Bxc6
Qxc6 15. Rfc1 b5 16. f3 Rfe8 17. Re1 Bd3 18. e4 dxe4 19. fxe4 Bxe4 20. Nxe4
Rxe4 21. Rxe4 Qxe4 22. Rd1 Qe3+ 23. Kf1 Re8 24. Qc2 Qf4+ 25. Kg1 Qg4 26. Rd2
Qe6 27. Rd1 Qc4 28. Rd3 b4 29. d5 Qc5+ 30. Kf1 bxc3 31. Qxc3 Qb5 32. Qb3 Qd7
33. d6 Qf5+ 34. Rf3 Qe4 35. Qd1 Qc4+ 36. Kg1 Qb4 37. Kf1 Rd8 38. Rd3 Qb5 39.
Kg1 a5 40. Rd5 Qb6+ 41. Kh1 Qc6 42. a4 Kf8 43. h3 Qd7 44. Rxa5 Qxd6 45. Qxd6+
Rxd6 46. Ra7 g6 47. Kg1 f5 48. a5 Kg7 49. Kf2 Kf6 50. Ke3 Re6+ 51. Kd4 Re2 52.
Ra6+ Kg5 53. Rb6 Rxg2 54. a6 Kh4 55. Kc3 Ra2 56. Kb3 Ra1 57. Rb4+ Kxh3 58. Ra4
Rb1+ 59. Kc4 Rb8 60. a7 Ra8 61. Kd5 g5 62. Kc6 f4 63. Kb7 Rxa7+ 0-1

[Event "Plzen, FSB B"]
[Site "?"]
[Date "2004.??.??"]
[Round "4.10"]
[White "Kuca, T."]
[Black "Simecek, J."]
[Result "1-0"]
[WhiteElo "1250"]
[BlackElo "1100"]
[PlyCount "73"]
[EventDate "2004.??.??"]
[Source "ChessBase"]
[SourceDate "1996.11.15"]

1. e4 e5 2. Nf3 Nc6 3. Bb5 Nd4 4. Nxd4 exd4 5. O-O c6 6. Bc4 d6 7. d3 Nf6 8.
Bg5 h6 9. Bh4 Be7 10. c3 Qb6 11. Qb3 Qxb3 12. Bxb3 dxc3 13. Nxc3 O-O 14. Rfe1
Bd7 15. d4 Rfe8 16. e5 dxe5 17. dxe5 Ng4 18. Bg3 Bb4 19. h3 Bxc3 20. bxc3 Nxf2
21. Kxf2 Be6 22. Rad1 Rad8 23. Bxe6 fxe6 24. Rd6 Kf7 25. Red1 Rc8 26. Rd7+ Re7
27. Rxe7+ Kxe7 28. Bh4+ g5 29. Bg3 Rc7 30. Ke2 Kf7 31. Rf1+ Ke7 32. Rf6 h5 33.
Rh6 h4 34. Rh7+ Kd8 35. Rxc7 Kxc7 36. Bf2 a6 37. Be3 1-0

[Event "Plzen, FSB B"]
[Site "?"]
[Date "2004.??.??"]
[Round "4.11"]
[White "Krlis, J."]
[Black "Iwanow, A."]
[Result "1-0"]
[WhiteElo "1519"]
[BlackElo "1800"]
[PlyCount "79"]
[EventDate "2004.??.??"]
[Source "ChessBase"]
[SourceDate "1996.11.15"]

1. e4 e5 2. Nf3 Nc6 3. d4 exd4 4. Nxd4 Bc5 5. Be3 Qf6 6. c3 Nge7 7. g3 d5 8.
Bg2 dxe4 9. Bxe4 Bb6 10. O-O O-O 11. Qh5 g6 12. Qg5 Qxg5 13. Bxg5 f6 14. Nxc6
Nxc6 15. Bxc6 bxc6 16. Be3 Re8 17. Re1 Bf5 18. Nd2 Bxe3 19. Rxe3 Rxe3 20. fxe3
Rd8 21. Nf1 Rb8 22. b3 Kf7 23. Kf2 Ke6 24. Rd1 Ke7 25. h4 Rb6 26. Rd2 Ra6 27.
Kf3 Bb1 28. a4 Bf5 29. e4 Be6 30. c4 Rb6 31. Rd3 Rb8 32. Kf4 Rf8 33. Nd2 Rg8
34. Nf3 h6 35. Nd4 Bd7 36. Re3 Kd6 37. e5+ fxe5+ 38. Rxe5 Rf8+ 39. Ke4 Re8 $2 {
Diagram # #} 40. c5# 1-0

[Event "Plzen, FSB B"]
[Site "?"]
[Date "2004.??.??"]
[Round "4.12"]
[White "Chlad, L."]
[Black "Nebehaj, O."]
[Result "1-0"]
[WhiteElo "1544"]
[BlackElo "1250"]
[PlyCount "49"]
[EventDate "2004.??.??"]
[Source "ChessBase"]
[SourceDate "1996.11.15"]

1. e4 e5 2. Nf3 Nc6 3. Bb5 a6 4. Ba4 Nf6 5. d4 exd4 6. Nxd4 Bc5 7. c3 Bxd4 8.
cxd4 Qe7 9. O-O O-O 10. e5 Nd5 11. Nc3 Qe6 12. Bb3 Nce7 13. Qh5 c6 14. Bc2 g6
15. Qf3 d6 16. exd6 Qxd6 17. Bh6 Re8 18. Ne4 Qe6 19. Rae1 Qf5 20. Qg3 Rd8 21.
Nd6 Qxc2 22. Rxe7 f6 23. Rg7+ Kf8 24. Rd7+ Kg8 25. Rxd8# 1-0

[Event "Plzen, FSB B"]
[Site "?"]
[Date "2004.??.??"]
[Round "4.13"]
[White "Drazsky, R."]
[Black "Simlova, J."]
[Result "1-0"]
[WhiteElo "1250"]
[BlackElo "1508"]
[PlyCount "73"]
[EventDate "2004.??.??"]
[Source "ChessBase"]
[SourceDate "1996.11.15"]

1. e4 e5 2. Nf3 Nc6 3. Bb5 Nf6 4. O-O Bc5 5. c3 Qe7 6. d4 exd4 7. cxd4 Bb4 8.
e5 Ng4 9. Nc3 O-O 10. Bd2 Bxc3 11. Bxc3 d6 12. Re1 Bd7 13. exd6 Qxd6 14. d5 Ne7
15. Bxd7 Qxd7 16. Bb4 Rfe8 17. Bxe7 Rxe7 18. Rxe7 Qxe7 19. Qd4 Nf6 20. Rd1 Qd6
21. b3 b6 22. Ne5 Re8 23. f4 a5 24. Nc4 Qb4 25. Qd2 Qxd2 26. Rxd2 Rd8 27. d6
cxd6 28. Rxd6 Rxd6 29. Nxd6 Kf8 30. Kf2 g6 31. h3 Ke7 32. Nc8+ Ke6 33. Nxb6 Nh5
34. Kf3 Nf6 35. a4 Ne8 36. Nc4 Nc7 37. Nxa5 1-0

[Event "Plzen, FSB B"]
[Site "?"]
[Date "2004.??.??"]
[Round "4.14"]
[White "Valek, T."]
[Black "Uzel, J."]
[Result "1-0"]
[WhiteElo "1250"]
[BlackElo "1408"]
[PlyCount "36"]
[EventDate "2004.??.??"]
[Source "ChessBase"]
[SourceDate "1996.11.15"]

1. e4 e5 2. Nf3 Nc6 3. d4 exd4 4. Bc4 Bb4+ 5. c3 dxc3 6. Nxc3 Bxc3+ 7. bxc3 Qf6
8. Bd2 Nge7 9. O-O Ne5 10. Be2 d6 11. Nxe5 Qxe5 12. Re1 Qxe4 13. Bb5+ c6 14.
Rxe4 cxb5 15. Qe2 Be6 16. Qxb5+ Bd7 17. Qxb7 O-O 18. Qxd7 Rfe8 1-0

[Event "Plzen, FSB B"]
[Site "?"]
[Date "2004.??.??"]
[Round "4.15"]
[White "Kucera, M."]
[Black "Konig, M."]
[Result "0-1"]
[WhiteElo "1100"]
[BlackElo "1274"]
[PlyCount "50"]
[EventDate "2004.??.??"]
[Source "ChessBase"]
[SourceDate "1996.11.15"]

1. e4 c5 2. Nc3 d6 3. d4 cxd4 4. Qxd4 Nc6 5. Qa4 Nf6 6. Bb5 Bd7 7. Be3 a6 8.
Bxc6 Bxc6 9. Qd4 g6 10. Nge2 Bg7 11. Qd3 O-O 12. O-O-O Qc7 13. Qd2 Rac8 14. Bh6
Rfd8 15. Rdg1 Nxe4 16. Nxe4 Bxe4 17. c3 Qc4 18. b3 Bxh6 19. bxc4 Bxd2+ 20. Kxd2
Rxc4 21. f3 Bf5 22. Re1 Bd7 23. Nd4 e6 24. Kd3 Rdc8 25. Rb1 Rxc3+ 0-1

[Event "Plzen, FSB B"]
[Site "?"]
[Date "2004.??.??"]
[Round "4.16"]
[White "Karbusicky, O."]
[Black "Krizek, M."]
[Result "1-0"]
[WhiteElo "1258"]
[BlackElo "1100"]
[PlyCount "49"]
[EventDate "2004.??.??"]
[Source "ChessBase"]
[SourceDate "1996.11.15"]

1. e4 c5 2. Nf3 d6 3. d4 cxd4 4. Nxd4 Nf6 5. Nc3 g6 6. Bg5 Bg7 7. Bb5+ Bd7 8.
Qe2 O-O 9. h4 Qb6 10. Nb3 Rc8 11. Bxd7 Nbxd7 12. h5 Nc5 13. Bxf6 Bxf6 14. Nd5
Qc6 15. Nxf6+ exf6 16. hxg6 fxg6 17. Qc4+ Kg7 18. Nxc5 Qxc5 19. Qa4 Rc7 20. c3
Re8 21. Qxe8 d5 22. Rd1 Re7 23. Rxd5 Qc7 24. Qd8 Rxe4+ 25. Kd1 1-0

[Event "Plzen, FSB B"]
[Site "?"]
[Date "2004.??.??"]
[Round "4.17"]
[White "Steinhauser, V."]
[Black "Chmelar, O."]
[Result "0-1"]
[WhiteElo "1100"]
[BlackElo "1000"]
[PlyCount "32"]
[EventDate "2004.??.??"]
[Source "ChessBase"]
[SourceDate "1996.11.15"]

1. e4 e5 2. Nc3 Nc6 3. Bc4 Bc5 4. Qg4 Nf6 5. Qxg7 Rf8 6. Nf3 d6 7. Ng5 Qe7 8.
Nxh7 Nxh7 9. Qxh7 Be6 10. Bxe6 Qxe6 11. O-O O-O-O 12. d3 f6 13. Nb5 Rf7 14. Qh6
Rg8 15. Bd2 Qg4 16. h3 Qxg2# 0-1

[Event "Plzen, FSB B"]
[Site "?"]
[Date "2004.??.??"]
[Round "4.18"]
[White "Vachal, P."]
[Black "Balhar, J."]
[Result "0-1"]
[WhiteElo "1100"]
[BlackElo "1000"]
[PlyCount "32"]
[EventDate "2004.??.??"]
[Source "ChessBase"]
[SourceDate "1996.11.15"]

1. e4 e5 2. Nf3 Nf6 3. Nc3 Nc6 4. g3 d5 5. d3 dxe4 6. dxe4 Qxd1+ 7. Kxd1 Bg4 8.
Be2 O-O-O+ 9. Nd2 Nd4 10. Rg1 Bb4 11. Bxg4+ Nxg4 12. Nb5 Nxb5 13. a4 Bxd2 14.
Bxd2 Nd4 15. Rf1 Nf3 16. h3 Rxd2+ {30 tahu} 0-1

[Event "Plzen, FSB B"]
[Site "?"]
[Date "2004.??.??"]
[Round "4.19"]
[White "Lorenc, D."]
[Black "Siml, O."]
[Result "0-1"]
[WhiteElo "1100"]
[BlackElo "1100"]
[PlyCount "56"]
[EventDate "2004.??.??"]
[Source "ChessBase"]
[SourceDate "1996.11.15"]

1. e4 e5 2. Nf3 Nc6 3. Bb5 Bc5 4. Nxe5 Bxf2+ 5. Kxf2 Nxe5 6. d4 Qf6+ 7. Ke1
Qh4+ 8. g3 Qxe4+ 9. Qe2 Qxh1+ 10. Kd2 Qd5 11. c3 c6 12. Ba4 d6 13. Kc2 Bf5+ 14.
Kd1 Bg4 15. Bb3 Bxe2+ 16. Kxe2 Qf3+ 17. Ke1 Nd3+ 18. Kd2 Nxc1 19. Kxc1 c5 20.
Ba4+ Kd8 21. Nd2 Qh1+ 22. Bd1 cxd4 23. cxd4 Rc8+ 24. Nc4 Rxc4+ 25. Kd2 Rxd4+
26. Kc2 Qxh2+ 27. Kc3 Qd2+ 28. Kb3 Qd3# 0-1

[Event "Plzen, FSB B"]
[Site "?"]
[Date "2004.??.??"]
[Round "5.1"]
[White "Havlikova, K."]
[Black "Kubat, M."]
[Result "1-0"]
[WhiteElo "1620"]
[BlackElo "1746"]
[PlyCount "59"]
[EventDate "2004.??.??"]
[Source "ChessBase"]
[SourceDate "1996.11.15"]

1. e4 c5 2. c3 d5 3. exd5 Qxd5 4. d4 cxd4 5. Nf3 g6 6. Qxd4 Qxd4 7. Nxd4 Nf6 8.
Bc4 Bg7 9. Nb5 Na6 10. Be3 b6 11. Nd2 O-O 12. O-O-O Bb7 13. f3 Rfd8 14. Nxa7
Nc5 15. Nb5 Rdc8 16. Kb1 Nd5 17. Bd4 e5 18. Bf2 Bc6 19. Nd6 Rd8 20. N2e4 Nxe4
21. Nxe4 b5 22. Bb3 h6 23. h4 Nf4 24. g3 Nd3 25. Bb6 Rd7 26. Bc2 Bxe4 27. fxe4
Rb7 28. Bg1 Nf4 29. gxf4 exf4 30. Bd4 1-0

[Event "Plzen, FSB B"]
[Site "?"]
[Date "2004.??.??"]
[Round "5.2"]
[White "Havlik, J."]
[Black "Reitinger, J."]
[Result "1-0"]
[WhiteElo "1775"]
[BlackElo "1707"]
[PlyCount "27"]
[EventDate "2004.??.??"]
[Source "ChessBase"]
[SourceDate "1996.11.15"]

1. e4 c5 2. Nf3 d6 3. d4 cxd4 4. Nxd4 a6 5. Be3 e5 6. Nf3 Nf6 7. Nc3 Be6 8. Ng5
Bd7 9. Bc4 Be6 10. Bxe6 fxe6 11. Nxe6 Qd7 12. Nd5 Nxd5 13. exd5 Nc6 14. Nxf8
1-0

[Event "Plzen, FSB B"]
[Site "?"]
[Date "2004.??.??"]
[Round "5.3"]
[White "Benak, J."]
[Black "Oresky, J."]
[Result "1-0"]
[WhiteElo "1730"]
[BlackElo "1582"]
[PlyCount "87"]
[EventDate "2004.??.??"]
[Source "ChessBase"]
[SourceDate "1996.11.15"]

1. e4 c5 2. Nf3 d6 3. d4 cxd4 4. Nxd4 Nf6 5. Nc3 g6 6. g3 Bg7 7. Bg2 O-O 8. O-O
Bd7 9. h3 Nc6 10. Nde2 Rc8 11. Nd5 Nxd5 12. exd5 Ne5 13. c3 Nc4 14. b3 Nb6 15.
a4 Na8 16. Be3 a6 17. Bd4 f6 18. a5 Qe8 19. c4 Qf7 20. Nf4 Kh8 21. Re1 Rfe8 22.
Ne6 Nc7 23. Kh2 g5 24. Bf3 Nxe6 25. dxe6 Bxe6 26. Bxb7 Rb8 27. Bxa6 h5 28. Bb5
Rec8 29. a6 g4 30. a7 Ra8 31. Ba6 Rc7 32. Bb6 Rcxa7 33. Bxa7 Rxa7 34. Bb5 Rxa1
35. Qxa1 f5 36. Qa8+ Kh7 37. Qe8 Qf6 38. Qxh5+ Kg8 39. Bc6 f4 40. Rxe6 fxg3+
41. Kxg3 Qc3+ 42. Kg2 gxh3+ 43. Qxh3 Qd2 44. Qh5 1-0

[Event "Plzen, FSB B"]
[Site "?"]
[Date "2004.??.??"]
[Round "5.4"]
[White "Palkova, K."]
[Black "Rehak, J."]
[Result "1-0"]
[WhiteElo "1713"]
[BlackElo "1545"]
[PlyCount "95"]
[EventDate "2004.??.??"]
[Source "ChessBase"]
[SourceDate "1996.11.15"]

1. e4 d6 2. d4 Nf6 3. Nc3 g6 4. Nf3 Bg7 5. Be2 c6 6. Bf4 O-O 7. Qd2 Qa5 8. Bh6
Bxh6 9. Qxh6 Nxe4 10. O-O Nxc3 11. Ng5 Nxe2+ 12. Kh1 Qxg5 13. Qxg5 Nxd4 14.
Qxe7 Nf5 15. Qg5 Be6 16. Rad1 d5 17. Rd3 Nd7 18. Rh3 f6 19. Qd2 Nc5 20. g4 Nd6
21. f3 Nd7 22. Qh6 Rf7 23. Re1 Re8 24. Qf4 Nc4 25. b3 Nce5 26. Rg3 c5 27. Qa4
a6 28. f4 Nc6 29. f5 Nb6 30. Qa3 Bd7 31. Rxe8+ Bxe8 32. Qxc5 Na8 33. Qxd5 Nc7
34. Qd2 Rd7 35. Rd3 Rxd3 36. Qxd3 Kf7 37. Qd6 Nb5 38. Qe6+ Kf8 39. Qxf6+ Bf7
40. Qh8+ Ke7 41. Qxh7 gxf5 42. Qxf5 Nbd4 43. Qe4+ Kd6 44. c4 b5 45. Qf4+ Ke7
46. Qc7+ Kf6 47. cxb5 axb5 48. h4 1-0

[Event "Plzen, FSB B"]
[Site "?"]
[Date "2004.??.??"]
[Round "5.5"]
[White "Jonas, V."]
[Black "Pokorny, J."]
[Result "1-0"]
[WhiteElo "1716"]
[BlackElo "1499"]
[PlyCount "91"]
[EventDate "2004.??.??"]
[Source "ChessBase"]
[SourceDate "1996.11.15"]

1. e4 c5 2. d4 cxd4 3. c3 dxc3 4. Nxc3 Nc6 5. Nf3 d6 6. Bc4 e6 7. O-O Be7 8.
Qe2 a6 9. Rd1 Qc7 10. Bf4 Ne5 11. Bxe5 dxe5 12. Rac1 Qb8 13. Rc2 Nf6 14. Qe3 b5
15. Bd3 O-O 16. Qg5 Bd6 17. Rcd2 Bc7 18. Bb1 Bb7 19. a3 Bc6 20. b4 Qb7 21. Re2
h6 22. Qe3 Bb6 23. Qd2 Rfd8 24. Qe1 Bd4 25. Na2 Qb6 26. Nc1 Ng4 27. Nd3 Rd6 28.
h3 Nf6 29. Ndxe5 Bxe5 30. Nxe5 Rxd1 31. Qxd1 Rd8 32. Qc2 Bxe4 33. Rxe4 Nxe4 34.
Qxe4 Rd1+ 35. Kh2 Rxb1 36. Qxb1 Qxf2 37. Qe4 Qa7 38. Qd3 Qb8 39. Qg3 Qc8 40.
Ng4 Kh8 41. Nf2 Qb7 42. Nd3 Qc8 43. Nc5 Qc6 44. Qf4 Kg8 45. Qe5 Qc8 46. Qd6 1-0

[Event "Plzen, FSB B"]
[Site "?"]
[Date "2004.??.??"]
[Round "5.6"]
[White "Sulista, D."]
[Black "Pospisil, A."]
[Result "0-1"]
[WhiteElo "1494"]
[BlackElo "1737"]
[PlyCount "128"]
[EventDate "2004.??.??"]
[Source "ChessBase"]
[SourceDate "1996.11.15"]

1. c4 g6 2. Nc3 Bg7 3. g3 c5 4. Bg2 Nc6 5. e3 d6 6. a3 Rb8 7. Nge2 Nf6 8. O-O
O-O 9. Rb1 Ne5 10. d3 b6 11. b4 Bb7 12. e4 Ne8 13. f4 Nc6 14. Kh1 Nd4 15. Nxd4
cxd4 16. Ne2 e5 17. f5 Bc8 18. Bd2 g5 19. Ng1 h6 20. Qb3 Nf6 21. h3 Bd7 22.
Rfc1 Qe8 23. Kh2 Ba4 24. Qa2 b5 25. c5 dxc5 26. Rxc5 Rc8 27. Rbc1 Qd7 28. Qb2
Rxc5 29. Rxc5 Rc8 30. Qc1 Rxc5 31. Qxc5 Ne8 32. Nf3 Qc7 33. Qxc7 Nxc7 34. Bc1
f6 35. Nd2 Kf7 36. Bf1 Bf8 37. Be2 Na8 38. Kg2 Nb6 39. Kf2 Bc2 40. Ke1 Na4 41.
Bd1 Bxd3 42. Bf3 Bc2 43. Kf2 Nb6 44. Be2 a6 45. Bf1 Be7 46. Be2 Bd8 47. Bf1 Na4
48. Ke1 Nc3 49. Kf2 Nxe4+ 50. Nxe4 Bxe4 51. g4 Ke7 52. Be2 Bb6 53. Bf1 Bb7 54.
Bd2 Kd6 55. Ke2 e4 56. Bc1 Kd5 57. Kd2 Bc7 58. Bb2 Bf4+ 59. Kd1 Ke5 60. Ke2 Bd5
61. Kd1 Bb3+ 62. Ke1 Kd5 63. Bg2 Bc2 64. Bf1 Be3 0-1

[Event "Plzen, FSB B"]
[Site "?"]
[Date "2004.??.??"]
[Round "5.7"]
[White "Zivec, J."]
[Black "Kuca, T."]
[Result "1-0"]
[WhiteElo "1527"]
[BlackElo "1250"]
[PlyCount "45"]
[EventDate "2004.??.??"]
[Source "ChessBase"]
[SourceDate "1996.11.15"]

1. c4 Nf6 2. Nc3 e6 3. d4 d5 4. Nf3 Nc6 5. e3 Bb4 6. Qc2 O-O 7. a3 Bxc3+ 8.
bxc3 Re8 9. cxd5 Nxd5 10. c4 Nf6 11. Bb2 Ne7 12. Rd1 c6 13. Bd3 Qc7 14. O-O Bd7
15. e4 g6 16. d5 Nh5 17. Be5 Qc8 18. d6 b5 19. g4 Ng7 20. dxe7 Rxe7 21. Bf6 Re8
22. Qd2 e5 23. Qh6 1-0

[Event "Plzen, FSB B"]
[Site "?"]
[Date "2004.??.??"]
[Round "5.8"]
[White "Posmurny, O."]
[Black "Krlis, J."]
[Result "1/2-1/2"]
[WhiteElo "1250"]
[BlackElo "1519"]
[PlyCount "58"]
[EventDate "2004.??.??"]
[Source "ChessBase"]
[SourceDate "1996.11.15"]

1. c3 Nf6 2. Nf3 d5 3. g3 e6 4. Bg2 Be7 5. O-O O-O 6. d4 c5 7. Bg5 Qb6 8. Qc2
Nc6 9. e3 h6 10. Bxf6 Bxf6 11. Nbd2 Rd8 12. Rfe1 e5 13. dxe5 Nxe5 14. Nxe5 Bxe5
15. Red1 Be6 16. Qb3 Qc7 17. Qa4 a6 18. Nf3 Bf6 19. Rd2 Rd6 20. Rad1 Rad8 21.
Qf4 Qe7 22. e4 g5 23. Qe3 dxe4 24. Rxd6 Rxd6 25. Nd2 Bf5 26. Re1 Rd3 27. Qe2
Qd7 28. Nxe4 Bxe4 29. Qxe4 Rd2 1/2-1/2

[Event "Plzen, FSB B"]
[Site "?"]
[Date "2004.??.??"]
[Round "5.9"]
[White "Siml, O."]
[Black "Chlad, L."]
[Result "0-1"]
[WhiteElo "1100"]
[BlackElo "1544"]
[PlyCount "54"]
[EventDate "2004.??.??"]
[Source "ChessBase"]
[SourceDate "1996.11.15"]

1. e4 c5 2. Nf3 Nc6 3. Bc4 g6 4. O-O Bg7 5. d3 d6 6. h3 Nf6 7. Bg5 O-O 8. Nc3
a6 9. Qd2 b5 10. Bxf6 Bxf6 11. Bd5 Bd7 12. Rae1 Rc8 13. Bxc6 Bxc6 14. e5 Bg7
15. exd6 exd6 16. Qg5 Bxf3 17. Qxd8 Rfxd8 18. gxf3 d5 19. Rd1 b4 20. Na4 Rc6
21. c4 Kf8 22. cxd5 Rxd5 23. Rc1 Bd4 24. Rc4 Rf6 25. Rfc1 Rxf3 26. Nxc5 Rg5+
27. Kf1 Rxf2+ 0-1

[Event "Plzen, FSB B"]
[Site "?"]
[Date "2004.??.??"]
[Round "5.10"]
[White "Cisler, M."]
[Black "Karbusicky, O."]
[Result "1-0"]
[WhiteElo "1485"]
[BlackElo "1258"]
[PlyCount "55"]
[EventDate "2004.??.??"]
[Source "ChessBase"]
[SourceDate "1996.11.15"]

1. e4 e5 2. Nf3 Nc6 3. Bb5 a6 4. Ba4 Nf6 5. O-O Be7 6. Re1 b5 7. Bb3 d5 8. exd5
Nxd5 9. Nxe5 Nxe5 10. Rxe5 Bb7 11. Qf3 f6 12. Bxd5 Bxd5 13. Rxd5 Qc8 14. Nc3
Qe6 15. Qe4 Qf7 16. Rxb5 O-O 17. Rf5 Rae8 18. Qf3 Bd6 19. Kf1 Qe6 20. Qd5 g6
21. Qxe6+ Rxe6 22. Rf3 Bc5 23. d3 Rfe8 24. Bd2 Bd4 25. Re1 Bxc3 26. Rxe6 Rxe6
27. Bxc3 f5 28. Re3 1-0

[Event "Plzen, FSB B"]
[Site "?"]
[Date "2004.??.??"]
[Round "5.11"]
[White "Chmelar, O."]
[Black "Hrouza, M."]
[Result "1/2-1/2"]
[WhiteElo "1000"]
[BlackElo "1419"]
[PlyCount "90"]
[EventDate "2004.??.??"]
[Source "ChessBase"]
[SourceDate "1996.11.15"]

1. e4 e5 2. Nf3 Nc6 3. Nc3 Nf6 4. Bc4 Nxe4 5. Nxe4 d5 6. Bxd5 Qxd5 7. d3 Bg4 8.
Be3 O-O-O 9. a3 f5 10. Nc3 Qd7 11. b4 Re8 12. Ne2 f4 13. Bd2 Bxf3 14. gxf3 Nd4
15. Ng1 a6 16. Bc3 Qc6 17. Bxd4 exd4+ 18. Kf1 g5 19. Ne2 Qxf3 20. Rg1 Qh3+ 21.
Ke1 f3 22. Rg3 Rxe2+ 23. Qxe2 fxe2 24. Rxh3 g4 25. Rg3 Rg8 26. h3 h5 27. f3 Bd6
28. Rg2 g3 29. Kxe2 Re8+ 30. Kf1 h4 31. Re1 Rf8 32. Ke2 Re8+ 33. Kd1 Rf8 34.
Re4 Rxf3 35. Rxh4 Rf1+ 36. Ke2 Ra1 37. Rxd4 Rxa3 38. h4 Ra1 39. Kf3 a5 40. bxa5
Rxa5 41. Rg4 Rf5+ 42. Ke4 Re5+ 43. Kd4 Rh5 44. c4 Kd7 45. Ke4 Re5+ 1/2-1/2